01484nam a2200265Ia 4500001000600000003000900006008004100015040001300056040001300069041001300082100001600095100002900111245002700140245002700167250001100194260001100205260001800216260004900234300005700283500078000340650002101120650003101141700001701172700002901189H4344IT-RoPAU130308s9999 xx 000 0 und d aIT-RoPAU cIT-RoPAU aITALIANO aAimeri Luca gCodice Aut. SPICS: 50576 aInternet per il cinema bInternet per Il Cinema a1a ed. aTORINO bUtet Libreria c2001 [1° Ed.:2001 - Ed.Ling.Originale:2001] a"354 p. (prefazione: no ; testo: 354 [pagine: 0-0])" aTecniche, Generi, Cinematografie, Autori. Introduzione. ricerche di Storiadel Cinema in Rete. Storia del Cinema. Storie del Cinema. nel Mondo della Storia. Un Mondo di Storie. Cinematografie Nazionali. Appendice. Autori e Film. indice dei Siti.Mediante la selezione e la Recensione di Oltre Milletrecento indirizzi e un'organizzazione Rigorosa dei Risultati della Ricerca, la Guida Offre la Possibilità di Ripercorrere la Storia del Cinema, di Approfondirne particolari Aspetti e Momenti, di Reperire le informazioni e le risorse Disponibili Online: Articoli, Recensioni, Saggi, Filmografie, profili Biografici, Immagini, Film , Musiche, Documenti. Mette Inoltre a Disposizione tutti gli Strumenti Necessari a Sperimentare Percorsi Proposti e a Intraprenderne di Personali. aSAGGI SUL CINEMA eCodice materia Spics: 6811 aTomasi Dario gCodice Aut. SPICS: 25367